000 00324nam a2200133Ia 4500
008 230917s9999||||xx |||||||||||||| ||und||
040 _e144072
_aMAIN
041 _aEnglish
082 _a954.03 K462P
100 _aKerr, Ian Johntone
245 0 _aPunjab Pronnce and the lahore district
300 _a471p. p.
942 _cBK
999 _c49011
_d49011